San José de Calasanz / (Registro nro. 14802)

Detalles MARC
000 -LEADER
fixed length control field 00866nam a2200253 a 4500
001 - CONTROL NUMBER
control field
003 - CONTROL NUMBER IDENTIFIER
control field DO-SdBNP
005 - DATE AND TIME OF LATEST TRANSACTION
control field 20240906105305.0
008 - FIXED-LENGTH DATA ELEMENTS--GENERAL INFORMATION
fixed length control field 140613s2008 sp a 000 0 spa d
020 ## - INTERNATIONAL STANDARD BOOK NUMBER
International Standard Book Number 97884791540892
040 ## - CATALOGING SOURCE
Original cataloging agency DO-SdBNP
Language of cataloging spa
Transcribing agency BPMSU
082 #4 - DEWEY DECIMAL CLASSIFICATION NUMBER
Classification number 922.2
Item number C143g 2008
Edition number 22
100 1# - MAIN ENTRY--PERSONAL NAME
Personal name Giner Guerri, Severino
Dates associated with a name 1930-
Titles and words associated with a name
245 10 - TITLE STATEMENT
Title San José de Calasanz /
Statement of responsibility, etc. Severino Giner Guerri
Remainder of title
260 ## - PUBLICATION, DISTRIBUTION, ETC. (IMPRINT)
Place of publication, distribution, etc. Madrid :
Name of publisher, distributor, etc. Biblioteca de Autores Cristianos ;
Date of publication, distribution, etc. 2008
300 ## - PHYSICAL DESCRIPTION
Extent 271 p. ;
Dimensions 24 cm.
Other physical details
490 0# - SERIES STATEMENT
Series statement Biblioteca de autores cristianos
500 ## - GENERAL NOTE
General note Incluye referencias bibliográficas y notas al pie de las páginas
590 ## - LOCAL NOTE (RLIN)
Local note Inventariado, 2024/VM
600 14 - SUBJECT ADDED ENTRY--PERSONAL NAME
Personal name Calasanz Gastón,j José de
Dates associated with a name 1557-1648
General subdivision Crítica e interpretación
650 #4 - SUBJECT ADDED ENTRY--TOPICAL TERM
Topical term or geographic name as entry element Educación religiosa
910 ## - USER-OPTION DATA (OCLC)
User-option data VMateo V. Control de calidad. BPMSU
942 ## - ADDED ENTRY ELEMENTS (KOHA)
Source of classification or shelving scheme Dewey Decimal Classification
Koha item type Libros
Existencias
Withdrawn status Lost status Source of classification or shelving scheme Damaged status Not for loan Collection code Home library Current library Date acquired Total Checkouts Full call number Barcode Date last seen Price effective from Koha item type
    Dewey Decimal Classification     Colección General Biblioteca Pública Metropolitana Salomé Ureña Biblioteca Pública Metropolitana Salomé Ureña 09/06/2024   BPMSU CG 922.2 C143g 2008 BPMSU24090016 09/06/2024 09/06/2024 Libros